Introduction to sociology (A) (Record no. 9284)

MARC details
000 -LEADER
fixed length control field 00548cam a2200205ua 4500
008 - FIXED-LENGTH DATA ELEMENTS--GENERAL INFORMATION
fixed length control field 180404n ii |||gr||||Z||||||asm
020 ## - INTERNATIONAL STANDARD BOOK NUMBER
International Standard Book Number 9789382164975
040 ## - CATALOGING SOURCE
Transcribing agency MAIN
082 ## - DEWEY DECIMAL CLASSIFICATION NUMBER
Classification number 301
100 ## - MAIN ENTRY--PERSONAL NAME
Personal name Gogoi, Chandra Kanta,
Relator term
245 ## - TITLE STATEMENT
Title Introduction to sociology (A)
Statement of responsibility, etc. By Chandra Kanta Gogoi
250 ## - EDITION STATEMENT
Edition statement 1st ed.
260 ## - PUBLICATION, DISTRIBUTION, ETC.
Place of publication, distribution, etc. Dhemaji:
Name of publisher, distributor, etc. Kiran prakashan,
Date of publication, distribution, etc. 2013.
300 ## - PHYSICAL DESCRIPTION
Extent 199p.
700 ## - ADDED ENTRY--PERSONAL NAME
Personal name Sonowal, Lobo Ram,
Relator term
942 ## - ADDED ENTRY ELEMENTS (KOHA)
Koha item type Books
653 ## - INDEX TERM--UNCONTROLLED
Uncontrolled term Sociology & anthropology
653 ## - INDEX TERM--UNCONTROLLED
Uncontrolled term Samajtattwa parichay
Holdings
Withdrawn status Lost status Damaged status Not for loan Home library Current library Shelving location Date acquired Total Checkouts Full call number Barcode Date last seen Date last checked out Copy number Price effective from Koha item type Date due
        Central Library, Naharkatiya College Central Library, Naharkatiya College General Stacks 19/09/2020 2 301 | GOG 24228 18/02/2021 02/02/2021 1 19/09/2020 Books  
        Central Library, Naharkatiya College Central Library, Naharkatiya College General Stacks 19/09/2020 5 301 | GOG 24229 01/11/2025 01/11/2025 2 19/09/2020 Books 16/11/2025
        Central Library, Naharkatiya College Central Library, Naharkatiya College General Stacks 19/09/2020 11 301 | GOG 24230 09/11/2024 09/11/2024 3 19/09/2020 Books 28/11/2024
        Central Library, Naharkatiya College Central Library, Naharkatiya College General Stacks 19/09/2020 4 301 | GOG 25394 09/08/2021 23/04/2021 6 19/09/2020 Books  
        Central Library, Naharkatiya College Central Library, Naharkatiya College General Stacks 19/09/2020 6 301 | GOG 25395 10/10/2022 10/09/2022 5 19/09/2020 Books  
        Central Library, Naharkatiya College Central Library, Naharkatiya College General Stacks 19/09/2020 5 301 | GOG 25396 25/11/2021 22/11/2021 4 19/09/2020 Books  

Naharkatiya College © 2020. All rights reserved.

Powered By